Introdução à análise /
Guardado en:
| Autor Principal: | |
|---|---|
| Formato: | Libro |
| Idioma: | Portuguese |
| Publicado: |
Rio de Janeiro :
Instituto de Matemática Pura e Aplicada, Conselho Nacional de Pesquisas,
1968.
|
| Series: | Notas de matemática ;
no. 43 |
| Etiquetas: |
Agregar Etiqueta
Sin Etiquetas, Sea el primero en etiquetar este registro!
|
| LEADER | 00586nam a22001575a 4500 | ||
|---|---|---|---|
| 001 | MAT.inmabb006765 | ||
| 008 | 121211s1968####bl#######b####000#0#por#d | ||
| 005 | 20130207170614.0 | ||
| 245 | 1 | 0 | |a Introdução à análise / |c por J. Barros Neto. |
| 260 | |a Rio de Janeiro : |b Instituto de Matemática Pura e Aplicada, Conselho Nacional de Pesquisas, |c 1968. | ||
| 300 | |a ii, 153 p. ; |c 27 cm. | ||
| 440 | 0 | |a Notas de matemática ; |v no. 43 | |
| 504 | |a Incluye referencias bibliográficas (p. 153). | ||
| 100 | 1 | |a Barros-Neto, José, |d 1927- | |
| 084 | |a 26-01 |2 msc2000 | ||
| 859 | |h 26 |i B277 |p A-5550 |b BIB. MATEMATICA | ||
